000 00422nam a2200169Ia 4500
001 17458
003 IN-NITTTR
005 20251114233205.0
008 251113s9999||||xx |||||||||||||| ||eng||
040 _beng
040 _cIN-NITTTR
041 _aeng
082 _a658.4 D471O
100 _aDessler, Gary.
245 0 _aOrganization theory :
_b integrating structure and behavior. /
_cDessler, Gary.
942 _2ddc
_cBK
999 _c20092
_d20092